<?xml version="1.0" encoding="UTF-8"?>
<record
    xmlns:xsi="http://www.w3.org/2001/XMLSchema-instance"
    xsi:schemaLocation="http://www.loc.gov/MARC21/slim http://www.loc.gov/standards/marcxml/schema/MARC21slim.xsd"
    xmlns="http://www.loc.gov/MARC21/slim">

  <leader>01461nam a22002177a 4500</leader>
  <controlfield tag="001">6708</controlfield>
  <controlfield tag="003">FISKH</controlfield>
  <controlfield tag="005">20250521141232.0</controlfield>
  <controlfield tag="008">250521b        cb ||||| |||| 00| 0 eng d</controlfield>
  <datafield tag="040" ind1=" " ind2=" ">
    <subfield code="a">FISKH</subfield>
    <subfield code="b">khr</subfield>
    <subfield code="c">FISKH</subfield>
    <subfield code="d">FISKH</subfield>
  </datafield>
  <datafield tag="082" ind1=" " ind2=" ">
    <subfield code="a">800</subfield>
  </datafield>
  <datafield tag="100" ind1=" " ind2=" ">
    <subfield code="a">Namhong, Soeung</subfield>
  </datafield>
  <datafield tag="245" ind1=" " ind2=" ">
    <subfield code="a">&#x1787;&#x17C6;&#x1793;&#x17BF;&#x1793;&#x17B7;&#x1784;&#x17A0;&#x17BB;&#x1784;&#x179F;&#x17CA;&#x17BB;&#x1799; /</subfield>
    <subfield code="c">&#x179F;&#x17BB;&#x17BA;&#x1784;&#x200B; &#x178E;&#x17B6;&#x17C6;&#x17A0;&#x17BB;&#x1784;</subfield>
  </datafield>
  <datafield tag="260" ind1=" " ind2=" ">
    <subfield code="a">&#x1797;&#x17D2;&#x1793;&#x17C6;&#x1796;&#x17C1;&#x1789; :</subfield>
    <subfield code="b">&#x179F;&#x17BB;&#x17BA;&#x1784; &#x178E;&#x17B6;&#x17C6;&#x17A0;&#x17BB;&#x1784; , </subfield>
    <subfield code="c">&#x17E2;&#x17E0;&#x17E1;&#x17E3; .</subfield>
  </datafield>
  <datafield tag="300" ind1=" " ind2=" ">
    <subfield code="a">221 pages : </subfield>
    <subfield code="b">color illustrations ; </subfield>
    <subfield code="c">21 cm . </subfield>
  </datafield>
  <datafield tag="520" ind1=" " ind2=" ">
    <subfield code="a">&#x179F;&#x17C0;&#x179C;&#x1797;&#x17C5; &#xAB;&#x1787;&#x17C6;&#x1793;&#x17BF;&#x1793;&#x17B7;&#x1784;&#x17A0;&#x17BB;&#x1784;&#x179F;&#x17CA;&#x17BB;&#x1799;&#xBB; &#x1782;&#x17BA;&#x1787;&#x17B6;&#x1780;&#x17B6;&#x179A;&#x1794;&#x17D2;&#x179A;&#x1798;&#x17BC;&#x179B;&#x1795;&#x17D2;&#x178F;&#x17BB;&#x17C6;&#x1785;&#x17C6;&#x178E;&#x17C1;&#x17C7;&#x178A;&#x17B9;&#x1784;&#x17A2;&#x17C6;&#x1796;&#x17B8;&#x1787;&#x17C6;&#x1793;&#x17BF;&#x1794;&#x17D2;&#x179A;&#x1796;&#x17C3;&#x178E;&#x17B8;&#x1781;&#x17D2;&#x1798;&#x17C2;&#x179A; &#x1793;&#x17B7;&#x1784;&#x179C;&#x17B7;&#x1791;&#x17D2;&#x1799;&#x17B6;&#x179F;&#x17B6;&#x179F;&#x17D2;&#x178F;&#x17D2;&#x179A;&#x17A0;&#x17BB;&#x1784;&#x179F;&#x17CA;&#x17BB;&#x1799; &#x178A;&#x17C2;&#x179B;&#x1795;&#x17D2;&#x178F;&#x17C4;&#x178F;&#x179B;&#x17BE;&#x1780;&#x17B6;&#x179A;&#x1794;&#x17D2;&#x179A;&#x17BE;&#x1794;&#x17D2;&#x179A;&#x17B6;&#x179F;&#x17CB;&#x1792;&#x17B6;&#x178F;&#x17BB;&#x1792;&#x1798;&#x17D2;&#x1798;&#x1787;&#x17B6;&#x178F;&#x17B7; &#x178A;&#x17BC;&#x1785;&#x1787;&#x17B6;&#x1781;&#x17D2;&#x1799;&#x179B;&#x17CB; &#x1793;&#x17B7;&#x1784;&#x1791;&#x17B9;&#x1780; &#x178A;&#x17BE;&#x1798;&#x17D2;&#x1794;&#x17B8;&#x1794;&#x1784;&#x17D2;&#x1780;&#x17BE;&#x178F;&#x1794;&#x179A;&#x17B7;&#x1799;&#x17B6;&#x1780;&#x17B6;&#x179F;&#x179B;&#x17D2;&#x17A2;&#x179F;&#x1798;&#x17D2;&#x179A;&#x17B6;&#x1794;&#x17CB;&#x1787;&#x17B8;&#x179C;&#x17B7;&#x178F;&#x1794;&#x17D2;&#x179A;&#x1785;&#x17B6;&#x17C6;&#x1790;&#x17D2;&#x1784;&#x17C3;&#x17D4;</subfield>
  </datafield>
  <datafield tag="520" ind1=" " ind2=" ">
    <subfield code="a">The book "Beliefs and Hong Shui" is a compilation of knowledge about traditional Khmer beliefs and the science of Feng Shui, focusing on the use of natural elements such as wind and water to create a positive environment for daily life.</subfield>
  </datafield>
  <datafield tag="650" ind1=" " ind2=" ">
    <subfield code="a">&#x1787;&#x17C6;&#x1793;&#x17BF;&#x1793;&#x17B7;&#x1784;&#x17A0;&#x17BB;&#x1784;&#x179F;&#x17CA;&#x17BB;&#x1799;</subfield>
  </datafield>
  <datafield tag="942" ind1=" " ind2=" ">
    <subfield code="2">ddc</subfield>
    <subfield code="c">KHB</subfield>
    <subfield code="n">0</subfield>
  </datafield>
  <datafield tag="999" ind1=" " ind2=" ">
    <subfield code="c">6708</subfield>
    <subfield code="d">6708</subfield>
  </datafield>
  <datafield tag="952" ind1=" " ind2=" ">
    <subfield code="0">0</subfield>
    <subfield code="1">0</subfield>
    <subfield code="2">ddc</subfield>
    <subfield code="4">0</subfield>
    <subfield code="7">0</subfield>
    <subfield code="8">KH</subfield>
    <subfield code="a">002</subfield>
    <subfield code="b">002</subfield>
    <subfield code="c">SKB</subfield>
    <subfield code="d">2025-05-21</subfield>
    <subfield code="l">0</subfield>
    <subfield code="o">NAM 800</subfield>
    <subfield code="p">FIS03784</subfield>
    <subfield code="r">2025-05-21 14:12:29</subfield>
    <subfield code="w">2025-05-21</subfield>
    <subfield code="y">KHB</subfield>
  </datafield>
</record>
